[Event "CRO-chT Div1B qual"]
[Site "Crikvenica"]
[Date "2020.11.21"]
[Round "2.1"]
[White "Franciskovic, Borka"]
[Black "Bogosavljevic, Boban"]
[Result "0-1"]
[WhiteElo "2244"]
[BlackElo "2520"]
[PlyCount "68"]
[EventDate "2020.11.21"]
[EventType "team-tourn"]
[EventRounds "3"]
[EventCountry "CRO"]
[SourceTitle "EXT 2022"]
[Source "ChessBase"]
[SourceDate "2021.10.06"]
[SourceVersion "1"]
[SourceVersionDate "2021.10.06"]
[SourceQuality "1"]

1. Nf3 d5 2. g3 Nf6 3. Bg2 e6 4. 0-0 Be7 5. d4 0-0 6. c4 dxc4 7. Qc2 b5 8. a4 b4 9. Nbd2 Bb7 10. Nxc4 Be4 11. Qb3 Nbd7 12. Be3 Qc8 13. Nfe5 Bxg2 14. Kxg2 Qb7+ 15. f3 c5 16. Nxd7 Nxd7 17. dxc5 Bxc5 18. Ne5 Nxe5 19. Bxc5 Rfc8 20. Rac1 a5 21. Qe3 Qd5 22. Qd4 Qxd4 23. Bxd4 Nc4 24. f4 h5 25. Rfd1 Kh7 26. b3 Nd6 27. Kf3 Nf5 28. Be5 f6 29. Bb2 Rxc1 30. Rxc1 Rd8 31. Rc2 Rd1 32. e4 Rd3+ 33. Kf2 Ne3 34. Rc7 Nd1+ 0-1

[Event "CRO-chT Div1B qual"]
[Site "Crikvenica"]
[Date "2020.11.21"]
[Round "1.1"]
[White "Franciskovic, Borka"]
[Black "Prlac, Vedran"]
[Result "1-0"]
[WhiteElo "2244"]
[BlackElo "2134"]
[PlyCount "117"]
[EventDate "2020.11.21"]
[EventType "team-tourn"]
[EventRounds "3"]
[EventCountry "CRO"]
[SourceTitle "EXT 2022"]
[Source "ChessBase"]
[SourceDate "2021.10.06"]
[SourceVersion "1"]
[SourceVersionDate "2021.10.06"]
[SourceQuality "1"]

1. c4 Nf6 2. Nf3 g6 3. g3 Bg7 4. Bg2 0-0 5. 0-0 Nc6 6. d4 d6 7. Nc3 a6 8. Qd3 Nd7 9. Be3 e5 10. Qd2 Rb8 11. b3 exd4 12. Nxd4 Nxd4 13. Bxd4 Bxd4 14. Qxd4 Qf6 15. Qd2 b5 16. cxb5 axb5 17. Nd5 Qd8 18. Rac1 c5 19. Qf4 Ne5 20. Rxc5 g5 21. Nf6+ Kh8 22. Qxg5 Ng4 23. Nxg4 Bxg4 24. Qxd8 Rfxd8 25. Rc2 b4 26. Rd1 Rb6 27. Rd4 Be6 28. f4 Rd7 29. Rc6 Rxc6 30. Bxc6 Ra7 31. Rd2 Kg7 32. Kf2 Kf6 33. Be4 h6 34. Bb1 Ke7 35. Rd4 Rb7 36. Ke3 f6 37. Kd2 f5 38. e4 fxe4 39. Bxe4 d5 40. Bb1 Kd6 41. f5 Bf7 42. f6 Ke5 43. Rf4 Rb6 44. Ke3 Rb7 45. Rf5+ Ke6 46. Kd4 Kd6 47. Re5 Be6 48. Bf5 Bf7 49. Re7 Rxe7 50. fxe7 Kxe7 51. Ke5 Kd8 52. g4 Kc7 53. h4 Kc6 54. g5 hxg5 55. hxg5 Kc5 56. g6 Bg8 57. g7 d4 58. Bd3 Bf7 59. Bc4 1-0

[Event "Online Olym Div2 D"]
[Site "Chess.com INT"]
[Date "2020.08.15"]
[Round "5.3"]
[White "Guindy, Esmat Susanne"]
[Black "Franciskovic, Borka"]
[Result "0-1"]
[WhiteElo "2128"]
[BlackElo "2250"]
[PlyCount "114"]
[EventDate "2020.08.14"]
[EventType "team-tourn (rapid)"]
[EventRounds "9"]
[EventCountry "USA"]
[SourceTitle "CBM 198"]
[Source "ChessBase"]
[SourceDate "2020.10.31"]
[SourceVersion "1"]
[SourceVersionDate "2020.10.31"]
[SourceQuality "1"]
[WhiteTeam "Denmark"]
[BlackTeam "Croatia"]
[WhiteTeamCountry "DEN"]
[BlackTeamCountry "CRO"]

1. c4 c5 2. Nc3 Nf6 3. Nf3 Nc6 4. g3 e6 5. Bg2 Be7 6. 0-0 a6 7. d4 cxd4 8. Nxd4 Qc7 9. b3 0-0 10. Bb2 d6 11. e4 Bd7 12. Rc1 Ne5 13. h3 Rac8 14. Qd2 Qb8 15. a4 Rfd8 16. Rfd1 Ng6 17. Qe2 Bf8 18. f4 Be7 19. Kh2 h5 20. f5 Ne5 21. fxe6 fxe6 22. Nf3 Ng6 23. Re1 h4 24. Nxh4 Nxh4 25. gxh4 d5+ 26. e5 d4 27. Nb1 Bc6 28. Kh1 d3 29. Qf2 Bxg2+ 30. Qxg2 Nh5 31. Nd2 Rf8 32. Qg4 Rf5 33. Rf1 Rcf8 34. Rxf5 Rxf5 35. Rg1 Qe8 36. Ne4 Qc6 37. Kh2 Rf4 38. Qxh5 Qxe4 39. Rg2 Rxh4 40. Qe8+ Bf8 41. Qxe6+ Kh8 42. Qf7 Rf4 43. Qh5+ Kg8 44. Bc1 Rf5 45. Qg4 Qxe5+ 46. Qg3 Qxg3+ 47. Kxg3 Bd6+ 48. Kg4 Rf1 49. Bb2 Kf7 50. Rd2 Rf4+ 51. Kg5 Rf3 52. Kg4 Rg3+ 53. Kh4 Re3 54. Kg4 Bb4 55. Rf2+ Kg6 56. Rf1 d2 57. Bd4 Re4+ 0-1

[Event "Online Olym Div2 D"]
[Site "Chess.com INT"]
[Date "2020.08.14"]
[Round "3.3"]
[White "Injac, Teodora"]
[Black "Franciskovic, Borka"]
[Result "1-0"]
[WhiteElo "2264"]
[BlackElo "2250"]
[PlyCount "123"]
[EventDate "2020.08.14"]
[EventType "team-tourn (rapid)"]
[EventRounds "9"]
[EventCountry "USA"]
[SourceTitle "CBM 198"]
[Source "ChessBase"]
[SourceDate "2020.10.31"]
[SourceVersion "1"]
[SourceVersionDate "2020.10.31"]
[SourceQuality "1"]
[WhiteTeam "Serbia"]
[BlackTeam "Croatia"]
[WhiteTeamCountry "SRB"]
[BlackTeamCountry "CRO"]

1. d4 Nf6 2. Nf3 e6 3. e3 c5 4. Bd3 Nc6 5. 0-0 d5 6. b3 Bd6 7. dxc5 Bxc5 8. Bb2 0-0 9. Nbd2 b6 10. a3 Bb7 11. Qe2 a5 12. e4 dxe4 13. Nxe4 Nxe4 14. Qxe4 g6 15. Ne5 f5 16. Nxc6 fxe4 17. Nxd8 Raxd8 18. Bc4 Bd5 19. Bb5 e3 20. fxe3 Bxe3+ 21. Kh1 Rxf1+ 22. Rxf1 Rf8 23. Rxf8+ Kxf8 24. h3 Be4 25. c4 h5 26. h4 Ke7 27. Be5 Bc5 28. Bb2 Bf2 29. Kh2 Kd6 30. g3 e5 31. b4 axb4 32. axb4 Be3 33. Kh3 Bf3 34. Be8 Be4 35. g4 hxg4+ 36. Kxg4 Bf5+ 37. Kf3 Bg1 38. Ba3 Ke7 39. Bc6 Kd6 40. Be4 Ke6 41. Bd5+ Kd7 42. c5 bxc5 43. bxc5 Bd4 44. Bb4 Kc8 45. Be4 Bxe4+ 46. Kxe4 Kd7 47. Kd5 Bf2 48. c6+ Kc8 49. Be7 Bg3 50. Bf6 Bf2 51. Kxe5 Kc7 52. Kd5 Kc8 53. Be7 Bg3 54. Bg5 Bf2 55. Bf6 Bg3 56. Ke6 Kc7 57. Be5+ Bxe5 58. Kxe5 Kxc6 59. Kf6 Kd7 60. Kxg6 Ke8 61. Kg7 Ke7 62. h5 1-0

[Event "EU-chT (Women) 22nd"]
[Site "Batumi"]
[Date "2019.10.27"]
[Round "4.12"]
[White "Rogule, Laura"]
[Black "Franciskovic, Borka"]
[Result "1-0"]
[WhiteElo "2269"]
[BlackElo "2262"]
[PlyCount "113"]
[EventDate "2019.10.24"]
[EventType "team-swiss"]
[EventRounds "9"]
[EventCountry "GEO"]
[SourceTitle "CBM 192 Extra"]
[Source "Chessbase"]
[SourceDate "2019.11.06"]
[SourceVersion "1"]
[SourceVersionDate "2019.11.06"]
[SourceQuality "1"]
[WhiteTeam "Latvia (W)"]
[BlackTeam "Croatia (W)"]
[WhiteTeamCountry "LAT"]
[BlackTeamCountry "CRO"]

1. c4 c5 2. Nc3 Nf6 3. g3 e6 4. Nf3 Nc6 5. Bg2 Be7 6. 0-0 a6 7. d4 cxd4 8. Nxd4 Qc7 9. b3 0-0 10. Bb2 d6 11. Rc1 Ne5 12. h3 Bd7 13. f4 Ng6 14. e4 Rac8 15. Kh2 Qb8 16. a4 Rfd8 17. Rc2 Bf8 18. Rd2 Be7 19. Qe2 Qc7 20. Rfd1 Bf8 21. Nf3 Bc6 22. Qe3 b6 23. Nd4 Ba8 24. Kh1 Re8 25. Nc2 Bb7 26. Kh2 Rcd8 27. Ba3 Ba8 28. Bb4 Qb8 29. Qe2 Qc7 30. Qe3 Qb8 31. Rd3 Bc6 32. Qd2 Qa8 33. Qe2 Qb8 34. Ba3 h5 35. Nd4 Bb7 36. Nf3 Qc7 37. Bc1 Nd7 38. Ng5 Be7 39. Qxh5 Bxg5 40. Qxg5 Nc5 41. Ba3 Nxd3 42. Rxd3 Nf8 43. Qg4 Rd7 44. Bb2 f6 45. Ba3 Red8 46. h4 Rf7 47. Qd1 Rfd7 48. f5 exf5 49. exf5 Bxg2 50. Kxg2 Qb7+ 51. Kh3 Re7 52. Nd5 Re5 53. Qg4 Kf7 54. Bb2 Re1 55. Bxf6 gxf6 56. Qh5+ Kg7 57. Rd4 1-0

[Event "Solta Amateur op"]
[Site "Grohote"]
[Date "2018.06.27"]
[Round "5"]
[White "Bozanic, Ivica"]
[Black "Franciskovic, Borka"]
[Result "1/2-1/2"]
[WhiteElo "2190"]
[BlackElo "2264"]
[PlyCount "33"]
[EventDate "2018.06.24"]
[EventType "swiss"]
[EventRounds "9"]
[EventCountry "CRO"]
[SourceTitle "CBM 185 Extra"]
[Source "ChessBase"]
[SourceDate "2018.07.29"]
[SourceVersion "1"]
[SourceVersionDate "2018.07.29"]
[SourceQuality "1"]

1. e4 c6 2. d4 d5 3. Nd2 dxe4 4. Nxe4 Bf5 5. Ng3 Bg6 6. Nh3 Nf6 7. Nf4 e5 8. dxe5 Qa5+ 9. Bd2 Qxe5+ 10. Be2 Nbd7 11. Nxg6 hxg6 12. Bc3 Qf4 13. Qd4 Qxd4 14. Bxd4 Bc5 15. 0-0-0 0-0-0 16. h3 Rh4 17. Bxc5 1/2-1/2

[Event "EU-chT (Women) 21st"]
[Site "Heraklion"]
[Date "2017.10.29"]
[Round "2.2"]
[White "Zaksaite, Salomeja"]
[Black "Franciskovic, Borka"]
[Result "1-0"]
[WhiteElo "2272"]
[BlackElo "2242"]
[PlyCount "93"]
[EventDate "2017.10.28"]
[EventType "team-swiss"]
[EventRounds "9"]
[EventCountry "GRE"]
[SourceTitle "CBM 181 Extra"]
[Source "ChessBase"]
[SourceDate "2017.12.12"]
[SourceVersion "1"]
[SourceVersionDate "2017.12.12"]
[SourceQuality "1"]
[WhiteTeam "Lithuania (W)"]
[BlackTeam "Croatia (W)"]
[WhiteTeamCountry "LTU"]
[BlackTeamCountry "CRO"]

1. e4 c6 2. d4 d5 3. e5 c5 4. dxc5 Nc6 5. Nf3 Bg4 6. Bb5 Qa5+ 7. Nc3 e6 8. Be3 a6 9. Bxc6+ bxc6 10. a3 Bxf3 11. gxf3 Ne7 12. Bd4 Nf5 13. b4 Qc7 14. Ne2 g6 15. Ng3 Nxd4 16. Qxd4 Bg7 17. f4 0-0 18. 0-0 f6 19. Rae1 fxe5 20. fxe5 Rf3 21. c4 Raf8 22. cxd5 exd5 23. Qg4 Qe7 24. Re2 R3f4 25. Qh3 h5 26. Re3 d4 27. Re4 h4 28. Rxf4 Rxf4 29. Ne2 Re4 30. Nc1 Qxe5 31. Nd3 Qd5 32. Qf3 Qe6 33. h3 Bh6 34. Rd1 Kh7 35. Kg2 Qe7 36. a4 Qe6 37. Rb1 g5 38. b5 g4 39. hxg4 Rxg4+ 40. Kh2 axb5 41. axb5 Rg6 42. Re1 Qc8 43. Re7+ Bg7 44. b6 Qb8+ 45. Qf4 Qa8 46. b7 Qa1 47. Re1 1-0

[Event "Olympiad Women-42"]
[Site "Baku"]
[Date "2016.09.11"]
[Round "9.2"]
[White "Franciskovic, Borka"]
[Black "Gong, Qianyun"]
[Result "0-1"]
[WhiteElo "2267"]
[BlackElo "2262"]
[PlyCount "128"]
[EventDate "2016.09.02"]
[EventType "team-swiss"]
[EventRounds "11"]
[EventCountry "AZE"]
[SourceTitle "CBM 174 Extra"]
[Source "ChessBase"]
[SourceDate "2016.10.10"]
[SourceVersion "1"]
[SourceVersionDate "2016.10.10"]
[SourceQuality "1"]
[WhiteTeam "Croatia (W)"]
[BlackTeam "Singapore (W)"]
[WhiteTeamCountry "CRO"]
[BlackTeamCountry "SIN"]

1. Nf3 Nf6 2. g3 b6 3. Bg2 Bb7 4. c4 e6 5. 0-0 Be7 6. d4 0-0 7. Re1 Na6 8. Ne5 Bxg2 9. Kxg2 c5 10. d5 Qc7 11. Nf3 Ne4 12. Nbd2 f5 13. dxe6 dxe6 14. Nxe4 fxe4 15. Ng5 Qc6 16. h4 Rad8 17. Qb3 h6 18. Nh3 e5 19. Be3 Nc7 20. Rad1 Ne6 21. Rxd8 Rxd8 22. Rd1 Nd4 23. Qc3 Qg6 24. Qa3 Rd7 25. Qa4 Qe6 26. a3 Bd6 27. Rd2 Rf7 28. Ng1 Kh7 29. Nh3 a5 30. Ng1 Be7 31. Qd1 Qxc4 32. Qb1 Nf5 33. b3 Qe6 34. Qxe4 Qg6 35. Kh2 Nxh4 36. Qxe5 Bf6 37. Qd5 Nf5 38. Rd3 Re7 39. Nf3 Qh5+ 40. Kg1 Qh3 41. Qc6 Nxe3 42. Rxe3 Rxe3 43. fxe3 Qxg3+ 44. Kf1 Qb8 45. a4 Qd8 46. Kg2 g6 47. Qe6 Bg7 48. e4 Qf6 49. Qc4 g5 50. e5 Qf5 51. e6 Bf6 52. Nd2 Kg7 53. e3 h5 54. Ne4 g4 55. Nxf6 Kxf6 56. e7 Kxe7 57. Qc3 Kd6 58. Qg7 Qe4+ 59. Kf1 Qf3+ 60. Kg1 Qxe3+ 61. Kg2 Qe4+ 62. Kf1 Qf4+ 63. Kg2 Qf3+ 64. Kg1 g3 0-1

[Event "Olympiad Women-42"]
[Site "Baku"]
[Date "2016.09.02"]
[Round "1.33"]
[White "Franciskovic, Borka"]
[Black "Atthaworadej, Worasuda"]
[Result "1-0"]
[WhiteElo "2267"]
[BlackElo "1748"]
[PlyCount "69"]
[EventDate "2016.09.02"]
[EventType "team-swiss"]
[EventRounds "11"]
[EventCountry "AZE"]
[SourceTitle "CBM 174 Extra"]
[Source "ChessBase"]
[SourceDate "2016.10.10"]
[SourceVersion "1"]
[SourceVersionDate "2016.10.10"]
[SourceQuality "1"]
[WhiteTeam "Croatia (W)"]
[BlackTeam "Thailand (W)"]
[WhiteTeamCountry "CRO"]
[BlackTeamCountry "THA"]

1. c4 c5 2. Nf3 g6 3. e4 Bg7 4. d4 cxd4 5. Nxd4 Nc6 6. Be3 Nf6 7. Nc3 d6 8. Be2 0-0 9. 0-0 Bd7 10. Nb3 Rc8 11. h3 Ne5 12. Nd2 a6 13. f4 Nc6 14. Rc1 Qa5 15. Nb3 Qd8 16. c5 Re8 17. Bf3 dxc5 18. Nxc5 b6 19. Nxd7 Nxd7 20. e5 Bh6 21. Qe2 Qc7 22. Nd5 Qb8 23. Nxb6 Nxb6 24. Bxc6 Red8 25. Qxa6 Nd5 26. Bxd5 Rxc1 27. Rxc1 Qxb2 28. Rc8 Rxc8 29. Qxc8+ Kg7 30. Qc4 Qb1+ 31. Kh2 Qf5 32. a4 e6 33. Bf3 Qb1 34. Qc3 Qb8 35. a5 1-0

[Event "CRO-CupT final"]
[Site "Sibenik"]
[Date "2015.05.23"]
[Round "5.3"]
[White "Franciskovic, Borka"]
[Black "Zelcic, Robert"]
[Result "0-1"]
[WhiteElo "2312"]
[BlackElo "2504"]
[PlyCount "64"]
[EventDate "2015.05.20"]
[EventType "team-swiss"]
[EventRounds "6"]
[EventCountry "CRO"]
[SourceTitle "CBM 166 Extra"]
[Source "ChessBase"]
[SourceDate "2015.06.18"]
[SourceVersion "1"]
[SourceVersionDate "2015.06.18"]
[SourceQuality "1"]
[WhiteTeam "Split Mornar"]
[BlackTeam "Zagreb Zagreb"]
[WhiteTeamCountry "CRO"]
[BlackTeamCountry "CRO"]

1. c4 Nf6 2. Nf3 e6 3. g3 d5 4. b3 Be7 5. Bg2 0-0 6. 0-0 d4 7. Bb2 c5 8. e3 Nc6 9. exd4 cxd4 10. Re1 Re8 11. a3 a5 12. d3 Bf8 13. Ne5 Nxe5 14. Rxe5 Nd7 15. Rb5 Nc5 16. b4 axb4 17. axb4 Rxa1 18. Bxa1 Na6 19. Qb3 e5 20. Nd2 b6 21. Qa4 Qd7 22. Qb3 Qa7 23. Bb2 Nc7 24. Bc6 Re6 25. Be4 Nxb5 26. cxb5 Bb7 27. Bf5 Re8 28. Nc4 Bd5 29. h4 g6 30. Bh3 Qe7 31. Ba3 e4 32. Bg2 e3 0-1

[Event "Zagreb op"]
[Site "Zagreb"]
[Date "2015.04.19"]
[Round "3"]
[White "Franciskovic, Borka"]
[Black "Stevic, Hrvoje"]
[Result "0-1"]
[WhiteElo "2325"]
[BlackElo "2594"]
[PlyCount "162"]
[EventDate "2015.04.17"]
[EventType "swiss"]
[EventRounds "9"]
[EventCountry "CRO"]
[SourceTitle "CBM 166 Extra"]
[Source "ChessBase"]
[SourceDate "2015.06.18"]
[SourceVersion "1"]
[SourceVersionDate "2015.06.18"]
[SourceQuality "1"]

1. c4 g6 2. Nf3 Bg7 3. d4 e6 4. g3 Ne7 5. Bg2 d5 6. Nc3 0-0 7. 0-0 Nbc6 8. e3 b6 9. Re1 Bb7 10. cxd5 exd5 11. b3 Re8 12. Bb2 Nf5 13. a3 Nce7 14. Rc1 Nd6 15. Ne5 Rc8 16. a4 a5 17. Nb5 c6 18. Nxd6 Qxd6 19. Rc2 Nf5 20. Bh3 c5 21. Bxf5 gxf5 22. Qh5 Qe6 23. Nf3 c4 24. Rc3 Qg6 25. Qxg6 hxg6 26. Ba3 Re6 27. Rb1 Ba6 28. Nd2 Bf6 29. Rbc1 Rec6 30. Rb1 cxb3 31. Rcxb3 Bd8 32. Kg2 f6 33. h4 Kf7 34. R3b2 Bd3 35. Ra1 Rc2 36. Raa2 Rxb2 37. Rxb2 Bc2 38. Bd6 Bxa4 39. Nb1 Ke6 40. Bf8 Rc2 41. Rxc2 Bxc2 42. Nc3 Bd3 43. Na4 Kd7 44. f3 Kc6 45. Kf2 Bc2 46. Nc3 b5 47. Ke1 Bd3 48. Kd2 Bc4 49. Ne2 Kd7 50. Nf4 g5 51. Nh3 Ke8 52. Bc5 Kf7 53. h5 b4 54. g4 fxg4 55. fxg4 Bb5 56. Nf2 Bd7 57. Ke2 f5 58. Nd3 Bb5 59. gxf5 Kf6 60. h6 Kxf5 61. h7 Bf6 62. Be7 Bg7 63. Kd2 Bxd3 64. Kxd3 g4 65. Bd6 Kg6 66. e4 dxe4+ 67. Kxe4 Kxh7 68. Kd3 Kg6 69. Kc4 Kf5 70. Bc7 Bf8 71. Bxa5 g3 72. d5 g2 73. Bb6 Ke4 74. Ba7 Bd6 75. Bg1 Bf8 76. Ba7 b3 77. Kxb3 Kxd5 78. Bg1 Bc5 79. Bh2 Ke4 80. Kc2 Kf3 81. Kd3 Kg4 0-1

[Event "Zagreb op"]
[Site "Zagreb"]
[Date "2015.04.18"]
[Round "2"]
[White "Muha, Miljenko"]
[Black "Franciskovic, Borka"]
[Result "0-1"]
[WhiteElo "2065"]
[BlackElo "2325"]
[PlyCount "120"]
[EventDate "2015.04.17"]
[EventType "swiss"]
[EventRounds "9"]
[EventCountry "CRO"]
[SourceTitle "CBM 166 Extra"]
[Source "ChessBase"]
[SourceDate "2015.06.18"]
[SourceVersion "1"]
[SourceVersionDate "2015.06.18"]
[SourceQuality "1"]

1. d4 Nf6 2. c4 e6 3. Nc3 Bb4 4. e3 0-0 5. Bd3 d5 6. Nge2 c5 7. 0-0 cxd4 8. exd4 dxc4 9. Bxc4 Nbd7 10. Bg5 Nb6 11. Bb3 Be7 12. Re1 Bd7 13. Nf4 h6 14. Bxf6 Bxf6 15. d5 exd5 16. Ncxd5 Bc6 17. Nxf6+ Qxf6 18. Qg4 Rfe8 19. h4 Qxb2 20. Rab1 Qc3 21. Rxe8+ Rxe8 22. Qf5 Qf6 23. Qxf6 gxf6 24. Nh5 Nd7 25. Rd1 Kf8 26. Ng3 Re5 27. Bc2 Rd5 28. Nf5 Rxd1+ 29. Bxd1 Bd5 30. a3 Be6 31. Nxh6 Ne5 32. Bc2 Nc4 33. a4 Nb6 34. f3 Bd7 35. Be4 Kg7 36. a5 Nc4 37. Nf5+ Bxf5 38. Bxf5 Nxa5 39. Kf2 Nc4 40. Bd3 Ne5 41. Be4 b6 42. f4 Nd7 43. Ke3 Nc5 44. Bd5 f5 45. Kd4 Kf6 46. g3 a5 47. h5 Ne6+ 48. Kc4 b5+ 49. Kc3 Kg7 50. Bc6 b4+ 51. Kc4 Kh6 52. Be8 f6 53. Bd7 Ng7 54. g4 fxg4 55. Bxg4 Nxh5 56. f5 Ng3 57. Kb5 b3 58. Bd1 b2 59. Bc2 Nf1 60. Kxa5 Nd2 0-1

[Event "CRO-ch (Women)"]
[Site "Djakovo"]
[Date "2015.03.15"]
[Round "9"]
[White "Ivekovic, Ana"]
[Black "Franciskovic, Borka"]
[Result "0-1"]
[WhiteElo "2098"]
[BlackElo "2325"]
[PlyCount "130"]
[EventDate "2015.03.09"]
[EventType "tourn"]
[EventRounds "9"]
[EventCountry "CRO"]
[SourceTitle "CBM 165 Extra"]
[Source "ChessBase"]
[SourceDate "2015.04.21"]
[SourceVersion "1"]
[SourceVersionDate "2015.04.21"]
[SourceQuality "1"]

1. d4 Nf6 2. c4 e6 3. Nc3 Bb4 4. g3 d5 5. Bg2 0-0 6. cxd5 exd5 7. Nf3 Ne4 8. Qb3 c5 9. 0-0 Nc6 10. a3 c4 11. Qc2 Bxc3 12. bxc3 Re8 13. Be3 Qa5 14. Ng5 Bf5 15. Nxe4 Bxe4 16. Qb2 Bxg2 17. Kxg2 b5 18. Bf4 Qa4 19. Rfb1 a6 20. Qd2 Re6 21. Ra2 Rae8 22. e3 R8e7 23. Rb4 Qa5 24. Rb1 h6 25. g4 Rb7 26. Qc2 Qd8 27. Bg3 Na5 28. Rb4 Nc6 29. Rb1 Na5 30. Rb4 Nb3 31. a4 Rg6 32. axb5 axb5 33. h3 Re6 34. Ra3 Re8 35. Qa2 Nc1 36. Qa1 Nd3 37. Rb1 b4 38. cxb4 Rxb4 39. Rxd3 Rxb1 40. Qxb1 cxd3 41. Qxd3 Qd7 42. Be5 Rc8 43. Qa3 f6 44. Qd6 Qxd6 45. Bxd6 Kf7 46. h4 Ke6 47. Bg3 g6 48. Kf3 Rc1 49. Bf4 h5 50. g5 Rh1 51. Kg3 f5 52. f3 Kd7 53. Kg2 Rb1 54. Bg3 Kc6 55. Bf2 Kb5 56. Kg3 Rf1 57. Kg2 Ra1 58. Kg3 Ra6 59. Kf4 Re6 60. Kg3 Kc4 61. Kf4 Kd3 62. Bg1 Ke2 63. Kg3 Rxe3 64. Kf4 Rxf3+ 65. Ke5 Rg3 0-1

[Event "CRO-ch (Women)"]
[Site "Djakovo"]
[Date "2015.03.10"]
[Round "2"]
[White "Vujnovic, Patricija"]
[Black "Franciskovic, Borka"]
[Result "0-1"]
[WhiteElo "2050"]
[BlackElo "2325"]
[PlyCount "100"]
[EventDate "2015.03.09"]
[EventType "tourn"]
[EventRounds "9"]
[EventCountry "CRO"]
[SourceTitle "CBM 165 Extra"]
[Source "ChessBase"]
[SourceDate "2015.04.21"]
[SourceVersion "1"]
[SourceVersionDate "2015.04.21"]
[SourceQuality "1"]

1. e4 c6 2. d4 d5 3. Nc3 dxe4 4. Nxe4 Bf5 5. Nc5 e5 6. Nxb7 Qb6 7. Nc5 exd4 8. Nb3 Bb4+ 9. Bd2 Nf6 10. Bxb4 Qxb4+ 11. Qd2 Qe7+ 12. Qe2 Bxc2 13. Qxe7+ Kxe7 14. Nxd4 Bg6 15. Rc1 Re8 16. Bc4 Nbd7 17. Nge2 Ne5 18. Nf4 Rad8 19. Nxg6+ hxg6 20. Ne2 Kf8 21. Ba6 Nd5 22. f4 Nxf4 23. 0-0 Nxe2+ 24. Bxe2 Rd2 25. Bf3 Re6 26. Bd1 Rxb2 27. Rc5 Rb5 28. Rc3 Rb6 29. Bb3 Re7 30. Rd1 Rd7 31. Re1 f6 32. Rh3 Ke7 33. Rh8 Rbb7 34. Rg8 Kd6 35. Rd1+ Kc5 36. Rc1+ Kb6 37. Rh8 g5 38. Rh3 Kc7 39. Rhc3 Rd6 40. h3 Rb4 41. Kh2 Nd3 42. Rf1 Rf4 43. Rd1 Rfd4 44. Rb1 Rb4 45. Rd1 Ne5 46. Re1 Rd2 47. Ree3 Rf4 48. Bc2 Rff2 49. Be4 Rxa2 50. Rc5 Rfe2 0-1

[Event "Zadar op-A 21th"]
[Site "Zadar"]
[Date "2014.12.17"]
[Round "5"]
[White "Bilobrk, Franjo"]
[Black "Franciskovic, Borka"]
[Result "1/2-1/2"]
[WhiteElo "2384"]
[BlackElo "2330"]
[PlyCount "58"]
[EventDate "2014.12.14"]
[EventType "swiss"]
[EventRounds "9"]
[EventCountry "CRO"]
[SourceTitle "EXT 2016"]
[Source "ChessBase"]
[SourceDate "2015.10.08"]
[SourceVersion "1"]
[SourceVersionDate "2015.10.08"]
[SourceQuality "1"]

1. d4 Nf6 2. c4 e6 3. Nf3 Bb4+ 4. Nbd2 0-0 5. a3 Be7 6. e4 d5 7. e5 Nfd7 8. Bd3 c5 9. h4 h6 10. cxd5 exd5 11. Bb1 cxd4 12. Qc2 f5 13. Ba2 Nc6 14. Bxd5+ Kh8 15. Bxc6 bxc6 16. Qxc6 Rb8 17. Nc4 Bb7 18. Qg6 Bxf3 19. gxf3 Nxe5 20. Nxe5 Qa5+ 21. Kd1 Qxe5 22. Re1 Qf6 23. h5 Rb3 24. Re6 Qxg6 25. hxg6 Bf6 26. a4 Rxf3 27. Ke2 Rb3 28. Ra3 Rxa3 29. bxa3 Rc8 1/2-1/2

[Event "Zadar op-A 21th"]
[Site "Zadar"]
[Date "2014.12.17"]
[Round "6"]
[White "Franciskovic, Borka"]
[Black "Zufic, Miroslav"]
[Result "0-1"]
[WhiteElo "2330"]
[BlackElo "2453"]
[PlyCount "90"]
[EventDate "2014.12.14"]
[EventType "swiss"]
[EventRounds "9"]
[EventCountry "CRO"]
[SourceTitle "EXT 2016"]
[Source "ChessBase"]
[SourceDate "2015.10.08"]
[SourceVersion "1"]
[SourceVersionDate "2015.10.08"]
[SourceQuality "1"]

1. c4 e5 2. g3 Nf6 3. Bg2 d5 4. cxd5 Nxd5 5. Nc3 Nb6 6. Nf3 Nc6 7. 0-0 Be7 8. a4 a5 9. d3 0-0 10. Be3 Bg4 11. Rc1 Kh8 12. Nb5 Nd7 13. d4 exd4 14. Nfxd4 Nxd4 15. Nxd4 c6 16. h3 Bh5 17. f4 h6 18. g4 Bg6 19. f5 Bh7 20. Nb3 Re8 21. Bf2 Bb4 22. Rc4 Qe7 23. e4 f6 24. Rd4 Ne5 25. Qc2 Bg8 26. Rdd1 Bc4 27. Nd4 Rad8 28. Ne6 Bxe6 29. fxe6 Qxe6 30. b3 Ng6 31. Bg3 Bd6 32. Bxd6 Rxd6 33. Rxd6 Qxd6 34. Rd1 Qg3 35. Qd3 Qxd3 36. Rxd3 Ne5 37. Rd4 Kg8 38. Kf2 Kf7 39. Ke3 Ke7 40. b4 Ra8 41. Bf1 axb4 42. Rxb4 Ra7 43. Be2 Kd6 44. Bd1 Kc7 45. Kd4 c5+ 0-1

[Event "CRO-chT (Women)"]
[Site "Bol"]
[Date "2014.10.09"]
[Round "6.1"]
[White "Purgar, Ivona"]
[Black "Franciskovic, Borka"]
[Result "1/2-1/2"]
[WhiteElo "2094"]
[BlackElo "2332"]
[PlyCount "68"]
[EventDate "2014.10.04"]
[EventType "team-tourn"]
[EventRounds "7"]
[EventCountry "CRO"]
[SourceTitle "CBM 162 Extra"]
[Source "ChessBase"]
[SourceDate "2014.10.17"]
[SourceVersion "1"]
[SourceVersionDate "2014.10.17"]
[SourceQuality "1"]
[WhiteTeam "Zagreb Mladost (W)"]
[BlackTeam "Rijeka Liburnija (W)"]
[WhiteTeamCountry "CRO"]
[BlackTeamCountry "CRO"]

1. e4 c6 2. d4 d5 3. Nc3 dxe4 4. Nxe4 Bf5 5. Ng3 Bg6 6. h4 h6 7. Nf3 Nd7 8. h5 Bh7 9. Bd3 Bxd3 10. Qxd3 e6 11. Bd2 Ngf6 12. 0-0-0 Be7 13. Kb1 0-0 14. Ne4 Nxe4 15. Qxe4 Nf6 16. Qe2 Qd5 17. Ne5 Qe4 18. Qxe4 Nxe4 19. Be3 Rfd8 20. Rhe1 Nf6 21. g4 Nd5 22. Bc1 c5 23. c4 Nb6 24. Be3 cxd4 25. Bxd4 Na4 26. f4 Bc5 27. Bxc5 Nxc5 28. b4 Na4 29. Kc2 Nb6 30. Kb3 Rac8 31. a4 f6 32. Ng6 Kf7 33. a5 Na8 34. Nh4 Nc7 1/2-1/2